<?xml version="1.0" encoding="UTF-8"?>
<record
    xmlns:xsi="http://www.w3.org/2001/XMLSchema-instance"
    xsi:schemaLocation="http://www.loc.gov/MARC21/slim http://www.loc.gov/standards/marcxml/schema/MARC21slim.xsd"
    xmlns="http://www.loc.gov/MARC21/slim">

  <leader>02514    a2200241   4500</leader>
  <controlfield tag="001">51615</controlfield>
  <controlfield tag="005">20260407155803.0</controlfield>
  <controlfield tag="008">260407a2020    arg                 spa d</controlfield>
  <controlfield tag="003">AR-UNSa-BCEJYS</controlfield>
  <datafield tag="040" ind1=" " ind2=" ">
    <subfield code="a">AR-UNSa-BCEJYS</subfield>
    <subfield code="b">spa</subfield>
    <subfield code="c">AR-UNSa-BCEJYS</subfield>
  </datafield>
  <datafield tag="080" ind1=" " ind2=" ">
    <subfield code="a">336.226.1</subfield>
    <subfield code="x">Impuestos a las ganancias o los beneficios (Impuesto Diferido)</subfield>
  </datafield>
  <datafield tag="245" ind1="1" ind2="0">
    <subfield code="a">Impuesto a las ganancias</subfield>
    <subfield code="p">fundamentos te&#xF3;ricos y la t&#xE9;cnica de su aplicaci&#xF3;n en la Argentina</subfield>
  </datafield>
  <datafield tag="020" ind1=" " ind2=" ">
    <subfield code="a">978-987-01-2635-5</subfield>
  </datafield>
  <datafield tag="264" ind1=" " ind2="1">
    <subfield code="a">Buenos Aires :</subfield>
    <subfield code="b">Errepar</subfield>
    <subfield code="c">2020</subfield>
  </datafield>
  <datafield tag="300" ind1=" " ind2=" ">
    <subfield code="a">2 v. (676 ; 707 p.)</subfield>
    <subfield code="c">24 cm.</subfield>
  </datafield>
  <datafield tag="505" ind1=" " ind2=" ">
    <subfield code="a">Vol. I: 1. Fundamentos te&#xF3;ricos del impuesto a la renta - 2. El impuesto a las ganancias argentino - 3. Objeto del impuesto - 4. Sujeto de gravamen - 5. V&#xED;nculo jurisdiccional. Fuente Argentina. Criterio de Residencia o renta mundial - 6. Beneficiarios del exterior - 7. Precios de transferencia - 8. Convenios para evitar la doble imposici&#xF3;n internacional (CDI) - 9. Deducciones personales y exenciones - 10. Imputaci&#xF3;n a la renta -- Vol. II: 11. Primera categor&#xED;a. Determinaci&#xF3;n de las rentas de fuente argentina y extranjera - 12. Segunda categor&#xED;a - 13. El gravamen a la renta financiera. Objeto. Sujetos. Beneficiarios del exterior. Conceptos alcanzados. Determinaci&#xF3;n de la ganancia. Quebrantos: Distintos supuestos. Deducci&#xF3;n especial. Venta de inmuebles. Normas de transici&#xF3;n - 14. Cuarta categor&#xED;a - 15. Tercera categor&#xED;a - 16. Amortizaciones y venta y reemplazo. Reg&#xED;menes de promoci&#xF3;n - 17. Bienes de cambio - 18. Malos cr&#xE9;ditos. Previsiones y reservas - 19. Diferencias de cambio. Rentas de fuente Argentina y extranjera - 20. Determinaci&#xF3;n del resultado de venta de bienes - 21. El ajuste por inflaci&#xF3;n - 22. Casos especiales en la tercera categor&#xED;a: explotaciones agropecuarias - 23. Casos especiales en la tercera categor&#xED;a: operaciones inmobiliarias en general. Industria de la construcci&#xF3;n. Loteos - 24. Casos especiales en la tercera categor&#xED;a: tributaci&#xF3;n de las industrias del petr&#xF3;leo, gas y miner&#xED;a - 25. Casos especiales en la tercera categor&#xED;a: reorganizaci&#xF3;n de empresas - 26. Liquidaci&#xF3;n, ingreso, retenciones y otras formas de pagos a cuenta del impuesto. Cr&#xE9;dito por impuestos an&#xE1;logos abonados a fiscos extranjeros</subfield>
  </datafield>
  <datafield tag="041" ind1=" " ind2=" ">
    <subfield code="a">spa</subfield>
  </datafield>
  <datafield tag="942" ind1=" " ind2=" ">
    <subfield code="c">BK</subfield>
  </datafield>
  <datafield tag="590" ind1=" " ind2=" ">
    <subfield code="a">niveau_biblio:m niveau_hierar:0</subfield>
  </datafield>
  <datafield tag="100" ind1="1" ind2=" ">
    <subfield code="a">Gebhardt, Jorge</subfield>
  </datafield>
  <datafield tag="700" ind1="1" ind2=" ">
    <subfield code="a">Malvitano, Rub&#xE9;n H.</subfield>
  </datafield>
  <datafield tag="856" ind1="4" ind2="1">
    <subfield code="u">https://www.biblioeco.unsa.edu.ar/pmb/images/libros/L128261.jpg</subfield>
    <subfield code="y">Imagen de portada</subfield>
    <subfield code="q">image/jpeg</subfield>
  </datafield>
  <datafield tag="999" ind1=" " ind2=" ">
    <subfield code="c">5006</subfield>
    <subfield code="d">5006</subfield>
  </datafield>
  <datafield tag="952" ind1=" " ind2=" ">
    <subfield code="0">0</subfield>
    <subfield code="1">0</subfield>
    <subfield code="4">0</subfield>
    <subfield code="7">0</subfield>
    <subfield code="a">BCEJYS</subfield>
    <subfield code="b">BCEJYS</subfield>
    <subfield code="c">16</subfield>
    <subfield code="d">2026-04-07</subfield>
    <subfield code="l">0</subfield>
    <subfield code="o">P336.226.1 G293 v.1</subfield>
    <subfield code="p">L128261</subfield>
    <subfield code="r">2026-04-07 15:58:03</subfield>
    <subfield code="w">2026-04-07</subfield>
    <subfield code="y">L</subfield>
  </datafield>
  <datafield tag="952" ind1=" " ind2=" ">
    <subfield code="0">0</subfield>
    <subfield code="1">0</subfield>
    <subfield code="4">0</subfield>
    <subfield code="7">0</subfield>
    <subfield code="a">BCEJYS</subfield>
    <subfield code="b">BCEJYS</subfield>
    <subfield code="c">16</subfield>
    <subfield code="d">2026-04-07</subfield>
    <subfield code="l">0</subfield>
    <subfield code="o">P336.226.1 G293 v.2</subfield>
    <subfield code="p">L128262</subfield>
    <subfield code="r">2026-04-07 15:58:03</subfield>
    <subfield code="w">2026-04-07</subfield>
    <subfield code="y">L</subfield>
  </datafield>
  <datafield tag="952" ind1=" " ind2=" ">
    <subfield code="0">0</subfield>
    <subfield code="1">0</subfield>
    <subfield code="4">0</subfield>
    <subfield code="7">0</subfield>
    <subfield code="a">BCEJYS</subfield>
    <subfield code="b">BCEJYS</subfield>
    <subfield code="c">16</subfield>
    <subfield code="d">2026-04-07</subfield>
    <subfield code="l">0</subfield>
    <subfield code="o">336.226.1 G293 v.1</subfield>
    <subfield code="p">L128367</subfield>
    <subfield code="r">2026-04-07 15:58:03</subfield>
    <subfield code="w">2026-04-07</subfield>
    <subfield code="y">L</subfield>
    <subfield code="z">PEQUE&#xD1;AS MANCHAS EN CANTO LATERAL </subfield>
  </datafield>
  <datafield tag="952" ind1=" " ind2=" ">
    <subfield code="0">0</subfield>
    <subfield code="1">0</subfield>
    <subfield code="4">0</subfield>
    <subfield code="7">0</subfield>
    <subfield code="a">BCEJYS</subfield>
    <subfield code="b">BCEJYS</subfield>
    <subfield code="c">16</subfield>
    <subfield code="d">2026-04-07</subfield>
    <subfield code="l">0</subfield>
    <subfield code="o">336.226.1 G293 v.1</subfield>
    <subfield code="p">L128368</subfield>
    <subfield code="r">2026-04-07 15:58:03</subfield>
    <subfield code="w">2026-04-07</subfield>
    <subfield code="y">L</subfield>
  </datafield>
  <datafield tag="952" ind1=" " ind2=" ">
    <subfield code="0">0</subfield>
    <subfield code="1">0</subfield>
    <subfield code="4">0</subfield>
    <subfield code="7">0</subfield>
    <subfield code="a">BCEJYS</subfield>
    <subfield code="b">BCEJYS</subfield>
    <subfield code="c">16</subfield>
    <subfield code="d">2026-04-07</subfield>
    <subfield code="l">0</subfield>
    <subfield code="o">336.226.1 G293 v.2</subfield>
    <subfield code="p">L128369</subfield>
    <subfield code="r">2026-04-07 15:58:03</subfield>
    <subfield code="w">2026-04-07</subfield>
    <subfield code="y">L</subfield>
  </datafield>
  <datafield tag="952" ind1=" " ind2=" ">
    <subfield code="0">0</subfield>
    <subfield code="1">0</subfield>
    <subfield code="4">0</subfield>
    <subfield code="7">0</subfield>
    <subfield code="a">BCEJYS</subfield>
    <subfield code="b">BCEJYS</subfield>
    <subfield code="c">16</subfield>
    <subfield code="d">2026-04-07</subfield>
    <subfield code="l">0</subfield>
    <subfield code="o">336.226.1 G293 v.2</subfield>
    <subfield code="p">L128370</subfield>
    <subfield code="r">2026-04-07 15:58:03</subfield>
    <subfield code="w">2026-04-07</subfield>
    <subfield code="y">L</subfield>
  </datafield>
  <datafield tag="952" ind1=" " ind2=" ">
    <subfield code="0">0</subfield>
    <subfield code="1">0</subfield>
    <subfield code="4">0</subfield>
    <subfield code="7">0</subfield>
    <subfield code="a">BCEJYS</subfield>
    <subfield code="b">BCEJYS</subfield>
    <subfield code="c">16</subfield>
    <subfield code="d">2026-04-07</subfield>
    <subfield code="l">0</subfield>
    <subfield code="o">P336.226.1 G293 v.1</subfield>
    <subfield code="p">L128768</subfield>
    <subfield code="r">2026-04-07 15:58:03</subfield>
    <subfield code="w">2026-04-07</subfield>
    <subfield code="y">L</subfield>
  </datafield>
  <datafield tag="952" ind1=" " ind2=" ">
    <subfield code="0">0</subfield>
    <subfield code="1">0</subfield>
    <subfield code="4">0</subfield>
    <subfield code="7">0</subfield>
    <subfield code="a">BCEJYS</subfield>
    <subfield code="b">BCEJYS</subfield>
    <subfield code="c">16</subfield>
    <subfield code="d">2026-04-07</subfield>
    <subfield code="l">0</subfield>
    <subfield code="o">P336.226.1 G293 v.2</subfield>
    <subfield code="p">L128769</subfield>
    <subfield code="r">2026-04-07 15:58:03</subfield>
    <subfield code="w">2026-04-07</subfield>
    <subfield code="y">L</subfield>
  </datafield>
  <datafield tag="952" ind1=" " ind2=" ">
    <subfield code="0">0</subfield>
    <subfield code="1">0</subfield>
    <subfield code="4">0</subfield>
    <subfield code="7">0</subfield>
    <subfield code="a">BCEJYS</subfield>
    <subfield code="b">BCEJYS</subfield>
    <subfield code="c">16</subfield>
    <subfield code="d">2026-04-07</subfield>
    <subfield code="l">0</subfield>
    <subfield code="o">336.226.1 G293 v.1</subfield>
    <subfield code="p">L128995</subfield>
    <subfield code="r">2026-04-07 15:58:03</subfield>
    <subfield code="w">2026-04-07</subfield>
    <subfield code="y">L</subfield>
  </datafield>
  <datafield tag="952" ind1=" " ind2=" ">
    <subfield code="0">0</subfield>
    <subfield code="1">0</subfield>
    <subfield code="4">0</subfield>
    <subfield code="7">0</subfield>
    <subfield code="a">BCEJYS</subfield>
    <subfield code="b">BCEJYS</subfield>
    <subfield code="c">16</subfield>
    <subfield code="d">2026-04-07</subfield>
    <subfield code="l">0</subfield>
    <subfield code="o">336.226.1 G293 v.2</subfield>
    <subfield code="p">L128996</subfield>
    <subfield code="r">2026-04-07 15:58:03</subfield>
    <subfield code="w">2026-04-07</subfield>
    <subfield code="y">L</subfield>
  </datafield>
</record>
